MARC

LEADER 00000nam0a2200000 4500
001 123053
005 20231031130346.0
010 |a 5020137790 
020 |a RU  |b 88-64500 
035 |a (RuTPU)RU\TPU\book\133221 
090 |a 123053 
100 |a 20071011d1988 km y0rusy5003 ca 
101 0 |a rus 
102 |a RU 
105 |a a z 001zy 
200 1 |a Диалог на языке бейсик для мини- и микроЭВМ  |f Ю. Л. Кетков 
210 |a Москва  |c Наука  |d 1988 
215 |a 367 с. 
320 |a Библиогр. в конце разделов. 
320 |a Указ. версий бейсика, операторов, функций, директив : с. 351-365. 
610 1 |a Бейсик 
610 1 |a вычислительные машины электронные персональные 
610 1 |a программирование 
610 1 |a языки программирования 
610 1 |a реализация 
675 |a 681.3.06  |z rus 
700 1 |a Кетков  |b Ю. Л.  |g Юлий Лазаревич  |4 070 
801 0 |a RU  |b RuMRKP  |c 19950417  |g psbo 
801 1 |a RU  |b 63413507  |c 20071011  |g PSBO 
801 2 |a RU  |b 63413507  |c 20160714  |g PSBO 
942 |c BK